Piano: nivel 4

Guardado en:
Detalles Bibliográficos
Autor principal: Bastien, James (Autor)
Formato: Partituras Libro
Lenguaje:español
Publicado: San Diego Neil A. Kjos Music Company 1991
Colección:Piano Básico de Bastien
Materias:
Etiquetas: Agregar Etiqueta
Sin Etiquetas, Sea el primero en etiquetar este registro!

MARC

LEADER 00000ncm a2200000 a 4500
001 UCN9277
003 CL-VaPUC
005 20250325095627.0
008 011130e19910000US |||||||||||||||||spa|d
999 |c 298788  |d 298786 
040 |c Pontificia Universidad Católica de Valparaíso 
082 0 4 |a Pn786.2193 BAS 1991  |2 21 
100 0 |a Bastien, James  |e author  |9 465878 
245 1 0 |a Piano: nivel 4 
260 |a San Diego  |b Neil A. Kjos Music Company  |c 1991 
300 |a 55 p 
490 0 |a Piano Básico de Bastien 
583 |a last modification  |c 20011130 00:00:00  |k Rodrigo Vera 
650 0 |a Pedagogía instrumental  |2 CL-VaPUC  |9 324009 
650 0 |a Música para piano  |9 306528 
650 0 |a Piano  |x Estudio e instrucción  |9 325053 
650 0 |a Piano, interpretación  |2 CL-VaPUC  |9 461397 
650 0 |a Piano, ejercicios y estudio  |9 328974 
650 0 |a Piano, repertorio progresivo  |9 465823 
650 0 |a Piano  |x Técnicas de ejecución  |9 328975 
942 |c BK  |2 ddc 
945 |d 20011130 00:00:00  |a lriquelm 
952 |0 0  |1 0  |2 ddc  |4 0  |6 PN_786_219300000000000_BAS_1991  |7 0  |8 F  |9 354711  |a BIBEDU  |b BIBEDU  |d 2019-11-21  |i 1151053  |o Pn786.2193 BAS 1991  |p 1151053  |r 2023-11-22  |w 2019-11-21  |y PA  |k MUS